00434 2200157 4500245006300000020002200063250001100085100002300096650002100119005001900140260006500159041001400224084000800238300002100246336000900267 aNarasi Perumpaan di Jagat MandarcSetia Naka AndrianhText a978-602-437-916-2 aCet. 1 aSetia Naka Andrian aSastra Indonesia a20241029142859 aJakarta TimurbBadan Pengembangan Bahasa dan Perbukuanc2019 aIndonesia a813 axiii :c190 hlm. atext